| 000 | 00455nam a2200145Ia 4500 | ||
|---|---|---|---|
| 008 | 170221s9999 xx 000 0 und d | ||
| 100 | _aJamye E. Long | ||
| 245 | _aGrounded theory: Its use in recruitment and retention | ||
| 245 | _cJamye E. Long, Delta State University. | ||
| 260 | _bJournal of Management and Marketing Research | ||
| 260 | _c2016 | ||
| 300 | _a14 : 1 | ||
| 650 | _xBusiness | ||
| 856 | _uhttp://www.aabri.com/manuscripts/121202.pdf | ||
| 999 |
_c311451 _d311451 |
||